[Event "World Chess Olympiad 2018"]
[Site "Batumi"]
[Date "2018.09.28"]
[Round "5"]
[Board "1"]
[WhiteFideId "3508684"]
[White "Sanchez Alvarez Roberto Carlos"]
[BlackFideId "3000010"]
[Black "Rodriguez Vila Andres"]
[Result "0-1"]
[LiveChessVersion "1.4.8"]
[BlackElo "2477"]
[WhiteElo "2391"]

1. d4 {[%clk 1:30:54]} f5 {[%clk 1:30:10]} 2. g3 {[%clk 1:30:49]} Nf6
{[%clk 1:30:32]} 3. Bg2 {[%clk 1:31:12]} d6 {[%clk 1:30:57]} 4. Nh3
{[%clk 1:31:21]} c6 {[%clk 1:30:26]} 5. O-O {[%clk 1:30:56]} Qc7 {[%clk 1:29:09]}
6. c3 {[%clk 1:30:43]} e5 {[%clk 1:28:44]} 7. Qb3 {[%clk 1:20:47]} Na6
{[%clk 1:27:29]} 8. Nd2 {[%clk 1:20:25]} e4 {[%clk 1:27:41]} 9. f3
{[%clk 1:11:06]} d5 {[%clk 1:27:39]} 10. fxe4 {[%clk 1:10:30]} fxe4
{[%clk 1:27:54]} 11. Nf4 {[%clk 0:59:21]} Bd6 {[%clk 1:22:48]} 12. c4
{[%clk 0:59:38]} Qb6 {[%clk 1:23:05]} 13. c5 {[%clk 0:38:34]} Qxb3
{[%clk 1:23:19]} 14. Nxb3 {[%clk 0:38:56]} Be7 {[%clk 1:20:30]} 15. h4
{[%clk 0:30:02]} O-O {[%clk 1:14:16]} 16. Bd2 {[%clk 0:27:11]} Ng4
{[%clk 1:09:23]} 17. e3 {[%clk 0:25:25]} Nc7 {[%clk 1:09:10]} 18. Na5
{[%clk 0:21:38]} Ne8 {[%clk 1:08:51]} 19. b4 {[%clk 0:21:52]} Nef6
{[%clk 1:09:07]} 20. Bh3 {[%clk 0:20:09]} Bd8 {[%clk 1:09:24]} 21. Rab1
{[%clk 0:13:50]} a6 {[%clk 1:08:26]} 22. h5 {[%clk 0:07:44]} Rf7 {[%clk 1:05:28]}
23. a3 {[%clk 0:04:23]} Bc7 {[%clk 1:05:48]} 24. Kg2 {[%clk 0:04:11]} Rb8
{[%clk 1:02:59]} 25. Rbe1 {[%clk 0:04:24]} Bd7 {[%clk 1:02:54]} 26. Rc1
{[%clk 0:04:50]} h6 {[%clk 0:56:26]} 27. Nb3 {[%clk 0:02:55]} Nh7
{[%clk 0:56:48]} 28. Kg1 {[%clk 0:01:31]} Ng5 {[%clk 0:54:56]} 29. Bg2
{[%clk 0:02:00]} Nf6 {[%clk 0:55:04]} 30. Na5 {[%clk 0:01:55]} Bg4
{[%clk 0:55:24]} 31. a4 {[%clk 0:01:52]} Nxh5 {[%clk 0:52:09]} 32. Nxh5
{[%clk 0:01:26]} Bxh5 {[%clk 0:52:33]} 33. Rxf7 {[%clk 0:01:48]} Kxf7
{[%clk 0:52:40]} 34. Be1 {[%clk 0:01:02]} Kg6 {[%clk 0:50:58]} 35. Rb1
{[%clk 0:00:38]} Be2 {[%clk 0:51:01]} 36. Bf1 {[%clk 0:00:36]} Nf3+
{[%clk 0:50:38]} 37. Kf2 {[%clk 0:01:05]} Bxf1 {[%clk 0:50:46]} 38. Kxf1
{[%clk 0:01:33]} Nxe1 {[%clk 0:50:38]} 39. Kxe1 {[%clk 0:02:01]} Bxg3+
{[%clk 0:50:21]} 40. Ke2 {[%clk 0:32:30]} Bc7 {[%clk 1:20:14]} 41. Nb3
{[%clk 0:26:39]} h5 {[%clk 1:19:58]} 42. Nd2 {[%clk 0:18:42]} Rf8
{[%clk 1:19:06]} 43. Nf1 {[%clk 0:18:23]} h4 {[%clk 1:19:00]} 44. b5
{[%clk 0:14:13]} axb5 {[%clk 1:18:26]} 45. axb5 {[%clk 0:14:38]} h3
{[%clk 1:18:48]} 46. bxc6 {[%clk 0:05:51]} bxc6 {[%clk 1:18:56]} 47. Rb7
{[%clk 0:05:14]} h2 {[%clk 1:19:12]} 48. Nxh2 {[%clk 0:01:52]} Bxh2
{[%clk 1:19:32]} 49. Rb6 {[%clk 0:01:29]} Rf6 {[%clk 1:19:57]} 0-1

[Event "World Chess Olympiad 2018"]
[Site "Batumi"]
[Date "2018.09.28"]
[Round "5"]
[Board "2"]
[WhiteFideId "3000028"]
[White "Roselli Mailhe Bernardo"]
[BlackFideId "6600247"]
[Black "Baules Jorge"]
[Result "1/2-1/2"]
[LiveChessVersion "1.4.8"]
[BlackElo "2358"]
[WhiteElo "2439"]

1. d4 {[%clk 1:30:58]} Nf6 {[%clk 1:30:57]} 2. c4 {[%clk 1:31:25]} g6
{[%clk 1:31:22]} 3. Nc3 {[%clk 1:31:51]} Bg7 {[%clk 1:31:49]} 4. e4
{[%clk 1:32:17]} d6 {[%clk 1:32:13]} 5. Nf3 {[%clk 1:32:41]} O-O {[%clk 1:32:37]}
6. Be2 {[%clk 1:33:09]} e5 {[%clk 1:32:58]} 7. d5 {[%clk 1:33:15]} a5
{[%clk 1:33:18]} 8. Bg5 {[%clk 1:33:40]} h6 {[%clk 1:33:45]} 9. Bh4
{[%clk 1:34:05]} g5 {[%clk 1:34:12]} 10. Bg3 {[%clk 1:34:30]} Nh5
{[%clk 1:34:38]} 11. Nd2 {[%clk 1:30:40]} Nf4 {[%clk 1:34:46]} 12. O-O
{[%clk 1:31:05]} Na6 {[%clk 1:34:35]} 13. Bg4 {[%clk 1:25:05]} Nc5
{[%clk 1:33:46]} 14. f3 {[%clk 1:23:51]} Ncd3 {[%clk 1:25:19]} 15. Qc2
{[%clk 1:14:11]} h5 {[%clk 1:20:34]} 16. Bxc8 {[%clk 1:08:24]} Qxc8
{[%clk 1:20:41]} 17. a3 {[%clk 1:00:23]} Bh6 {[%clk 1:07:37]} 18. Bxf4
{[%clk 0:48:32]} Nxf4 {[%clk 1:08:04]} 19. Rf2 {[%clk 0:48:54]} g4 20. Nf1
{[%clk 0:44:51]} h4 {[%clk 0:55:57]} 21. fxg4 {[%clk 0:37:05]} Qxg4
{[%clk 0:56:07]} 22. Rf3 {[%clk 0:37:29]} Nh5 {[%clk 0:49:53]} 23. Nd1
{[%clk 0:35:15]} f5 {[%clk 0:40:57]} 24. Nf2 {[%clk 0:28:07]} Qg5
{[%clk 0:36:39]} 25. exf5 {[%clk 0:25:21]} Nf6 {[%clk 0:19:04]} 26. Ne4
{[%clk 0:19:15]} Qg4 {[%clk 0:18:00]} 27. Re1 {[%clk 0:18:57]} a4
{[%clk 0:12:19]} 28. Qe2 {[%clk 0:12:42]} Kh8 {[%clk 0:11:00]} 29. Nfd2
{[%clk 0:04:00]} Nxe4 {[%clk 0:03:30]} 30. Qxe4 {[%clk 0:03:12]} Rg8
{[%clk 0:03:49]} 31. Qxg4 {[%clk 0:03:04]} Rxg4 {[%clk 0:04:17]} 32. Ne4
{[%clk 0:03:21]} Rf8 {[%clk 0:01:43]} 33. g3 {[%clk 0:03:29]} hxg3
{[%clk 0:01:15]} 34. hxg3 {[%clk 0:03:53]} Bc1 {[%clk 0:01:00]} 35. Rf2
{[%clk 0:03:43]} Bf4 {[%clk 0:01:17]} 36. Kh2 {[%clk 0:03:52]} Rxf5
{[%clk 0:01:25]} 37. Kg2 {[%clk 0:03:18]} Rfg5 {[%clk 0:00:31]} 38. Rh1+
{[%clk 0:02:34]} Kg7 {[%clk 0:00:38]} 39. Nxg5 {[%clk 0:02:54]} Rxg3+
{[%clk 0:00:59]} 40. Kf1 {[%clk 0:33:19]} Bxg5 {[%clk 0:30:34]} 41. Rg2
{[%clk 0:33:08]} Rxg2 {[%clk 0:27:35]} 42. Kxg2 {[%clk 0:33:30]} Kg6
{[%clk 0:27:01]} 43. Kf3 {[%clk 0:21:28]} Kf5 {[%clk 0:26:20]} 44. Rh7
{[%clk 0:21:50]} e4+ {[%clk 0:24:20]} 45. Ke2 {[%clk 0:22:16]} Bc1
{[%clk 0:24:32]} 46. Rxc7 {[%clk 0:15:12]} Bxb2 {[%clk 0:24:15]} 47. Rxb7
{[%clk 0:11:15]} Bxa3 {[%clk 0:24:35]} 48. Ra7 {[%clk 0:11:38]} Bc5
{[%clk 0:23:52]} 49. Rxa4 {[%clk 0:12:00]} Ke5 {[%clk 0:24:17]} 50. Ra1
{[%clk 0:12:03]} Kd4 {[%clk 0:24:06]} 51. Rc1 {[%clk 0:12:11]} Bb4
{[%clk 0:22:42]} 52. Rd1+ {[%clk 0:12:14]} Ke5 {[%clk 0:21:37]} 53. Ke3
{[%clk 0:12:15]} Bc5+ {[%clk 0:21:51]} 54. Ke2 {[%clk 0:12:39]} Bb4
{[%clk 0:20:41]} 1/2-1/2

[Event "World Chess Olympiad 2018"]
[Site "Batumi"]
[Date "2018.09.28"]
[Round "5"]
[Board "3"]
[WhiteFideId "6100538"]
[White "Ramos Efren Andres"]
[BlackFideId "3003809"]
[Black "Lopez Azambuja Nicolas"]
[Result "1-0"]
[LiveChessVersion "1.4.8"]
[BlackElo "2322"]
[WhiteElo "2244"]

1. Nf3 {[%clk 1:30:51]} Nf6 {[%clk 1:30:50]} 2. g3 {[%clk 1:31:13]} d5
{[%clk 1:30:57]} 3. d4 {[%clk 1:31:26]} e6 {[%clk 1:30:54]} 4. Bg2
{[%clk 1:31:52]} b5 {[%clk 1:30:23]} 5. O-O {[%clk 1:32:08]} Be7 {[%clk 1:30:27]}
6. Ne5 {[%clk 1:31:53]} O-O {[%clk 1:27:38]} 7. b3 {[%clk 1:29:09]} b4
{[%clk 1:22:32]} 8. Bb2 {[%clk 1:26:20]} Bb7 {[%clk 1:20:12]} 9. c4
{[%clk 1:25:21]} bxc3 {[%clk 1:15:53]} 10. Nxc3 {[%clk 1:25:31]} c5
{[%clk 1:07:55]} 11. dxc5 {[%clk 1:24:48]} Bxc5 {[%clk 1:08:08]} 12. Na4
{[%clk 1:24:57]} Be7 {[%clk 1:03:09]} 13. Rc1 {[%clk 1:22:24]} Nfd7
{[%clk 0:59:44]} 14. Qd2 {[%clk 1:18:09]} Nxe5 {[%clk 0:46:59]} 15. Bxe5
{[%clk 1:18:22]} Nc6 {[%clk 0:47:07]} 16. Bb2 {[%clk 1:17:50]} Rc8
{[%clk 0:35:28]} 17. Nc5 {[%clk 1:03:07]} Ba8 {[%clk 0:34:56]} 18. Rc2
{[%clk 0:58:37]} Qa5 {[%clk 0:28:50]} 19. Qxa5 {[%clk 0:57:39]} Nxa5
{[%clk 0:29:18]} 20. Rfc1 {[%clk 0:57:55]} Rfd8 {[%clk 0:25:28]} 21. Nd3
{[%clk 0:47:03]} Rxc2 {[%clk 0:24:46]} 22. Rxc2 {[%clk 0:47:24]} Bb7
{[%clk 0:18:00]} 23. Bd4 {[%clk 0:43:10]} Ra8 {[%clk 0:17:12]} 24. Rc7
{[%clk 0:37:35]} Bd8 {[%clk 0:12:20]} 25. Rd7 {[%clk 0:25:43]} a6
{[%clk 0:08:29]} 26. b4 {[%clk 0:15:23]} Bc6 {[%clk 0:08:38]} 27. Rxd8+
{[%clk 0:15:30]} Rxd8 {[%clk 0:09:05]} 28. bxa5 {[%clk 0:15:52]} Bb5
{[%clk 0:09:09]} 29. Bf1 {[%clk 0:13:10]} Rc8 {[%clk 0:09:19]} 30. Bb6
{[%clk 0:08:37]} Rc2 {[%clk 0:09:10]} 31. Kg2 {[%clk 0:08:22]} Rxa2
{[%clk 0:09:00]} 32. Nc5 {[%clk 0:05:18]} Ra1 {[%clk 0:08:50]} 33. f4
{[%clk 0:05:16]} Kf8 {[%clk 0:08:41]} 34. Nb3 {[%clk 0:05:22]} Rb1
{[%clk 0:08:28]} 35. Nd4 {[%clk 0:05:23]} Bc4 {[%clk 0:08:36]} 36. Kf2
{[%clk 0:05:26]} Ke7 {[%clk 0:07:09]} 37. Nc6+ {[%clk 0:04:32]} Ke8
{[%clk 0:04:39]} 38. Bg2 {[%clk 0:04:17]} Rb2 {[%clk 0:04:23]} 39. Bf3
{[%clk 0:04:34]} Ra2 {[%clk 0:02:55]} 40. Ne5 {[%clk 0:34:40]} Bb5
{[%clk 0:33:11]} 41. Ke3 {[%clk 0:34:44]} f6 {[%clk 0:29:38]} 42. Nd3
{[%clk 0:34:48]} Bc4 {[%clk 0:20:52]} 43. Kd4 {[%clk 0:30:30]} Ke7
{[%clk 0:17:09]} 44. h4 {[%clk 0:29:55]} g6 {[%clk 0:15:37]} 45. g4
{[%clk 0:28:40]} Bb5 {[%clk 0:14:28]} 46. g5 {[%clk 0:25:21]} Ra4+
{[%clk 0:13:32]} 47. Ke3 {[%clk 0:25:14]} Ra2 {[%clk 0:12:11]} 48. Nb4
{[%clk 0:23:28]} Ra3+ {[%clk 0:11:34]} 49. Kd4 {[%clk 0:22:07]} Rb3
{[%clk 0:09:44]} 50. Bc5+ {[%clk 0:21:40]} Kf7 {[%clk 0:09:47]} 51. f5
{[%clk 0:20:42]} gxf5 {[%clk 0:08:48]} 52. Bh5+ {[%clk 0:14:59]} Kg7
{[%clk 0:09:08]} 53. Be7 {[%clk 0:14:58]} fxg5 {[%clk 0:08:54]} 54. hxg5
{[%clk 0:15:18]} Rh3 {[%clk 0:08:19]} 55. Bf6+ {[%clk 0:15:13]} Kg8
{[%clk 0:08:03]} 56. Bf3 {[%clk 0:15:13]} Rh4+ {[%clk 0:07:57]} 57. Kc3
{[%clk 0:15:22]} Rc4+ {[%clk 0:07:56]} 58. Kb3 {[%clk 0:15:40]} Rc1
{[%clk 0:07:57]} 59. Kb2 {[%clk 0:14:21]} Rf1 {[%clk 0:07:41]} 60. Kc2
{[%clk 0:11:30]} Rf2 {[%clk 0:06:49]} 61. Kd2 {[%clk 0:11:26]} Rh2
{[%clk 0:07:12]} 62. Nc2 {[%clk 0:11:23]} Kf7 {[%clk 0:06:49]} 63. Be5
{[%clk 0:10:04]} Rh4 {[%clk 0:07:00]} 64. Nd4 {[%clk 0:10:06]} Bc4
{[%clk 0:06:53]} 65. Ke3 {[%clk 0:10:19]} h6 {[%clk 0:06:38]} 66. gxh6
{[%clk 0:08:41]} Rxh6 {[%clk 0:07:01]} 67. Kf4 {[%clk 0:07:40]} Rh2
{[%clk 0:06:25]} 68. Kg5 {[%clk 0:07:37]} Rf2 {[%clk 0:06:08]} 69. Bd6
{[%clk 0:06:25]} Ke8 {[%clk 0:05:57]} 70. Bg3 {[%clk 0:06:39]} Rf1
{[%clk 0:06:12]} 71. Nxe6 {[%clk 0:06:58]} Rg1 {[%clk 0:05:54]} 72. Ng7+
{[%clk 0:07:05]} Kd7 {[%clk 0:05:59]} 73. Nxf5 {[%clk 0:07:25]} Kc6
{[%clk 0:05:39]} 74. Kf6 {[%clk 0:06:58]} Ra1 {[%clk 0:04:59]} 75. Ne7+
{[%clk 0:06:02]} Kc5 {[%clk 0:04:39]} 76. Bc7 {[%clk 0:04:08]} Ra2
{[%clk 0:04:58]} 77. Bb6+ {[%clk 0:04:02]} Kd6 {[%clk 0:03:44]} 78. Nf5+
{[%clk 0:04:18]} Kc6 {[%clk 0:04:08]} 79. Ke5 {[%clk 0:04:31]} Kd7
{[%clk 0:03:05]} 80. Nd4 {[%clk 0:04:45]} Rd2 {[%clk 0:03:10]} 81. Bxd5
{[%clk 0:03:54]} Bxe2 {[%clk 0:03:25]} 82. Be6+ {[%clk 0:03:53]} Ke8
{[%clk 0:03:40]} 83. Bd5 {[%clk 0:02:54]} Kd7 {[%clk 0:03:21]} 84. Bc6+
{[%clk 0:03:17]} Kc8 {[%clk 0:03:35]} 85. Kd6 {[%clk 0:02:29]} Bf1
{[%clk 0:02:56]} 86. Bd5 {[%clk 0:02:41]} Bg2 {[%clk 0:02:48]} 87. Bc4
{[%clk 0:01:55]} Kb7 {[%clk 0:03:08]} 88. Ke5 {[%clk 0:01:54]} Rxd4
{[%clk 0:01:22]} 89. Kxd4 {[%clk 0:02:07]} Bh1 {[%clk 0:01:47]} 90. Kc5
{[%clk 0:02:23]} Bg2 {[%clk 0:02:11]} 91. Be6 {[%clk 0:02:39]} Bf3
{[%clk 0:02:36]} 92. Kd6 {[%clk 0:02:58]} Bg2 {[%clk 0:03:00]} 93. Kd7
{[%clk 0:03:06]} Bc6+ {[%clk 0:03:05]} 94. Kd8 {[%clk 0:03:30]} Bb5
{[%clk 0:03:31]} 95. Bc8+ {[%clk 0:03:51]} Kb8 {[%clk 0:03:52]} 96. Bc7+
{[%clk 0:04:07]} Ka7 {[%clk 0:04:17]} 97. Bd6 {[%clk 0:04:22]} Bd3
{[%clk 0:01:55]} 98. Kc7 {[%clk 0:04:39]} Be4 {[%clk 0:02:10]} 99. Bc5+
{[%clk 0:04:55]} Ka8 {[%clk 0:02:36]} 100. Bxa6 1-0

[Event "World Chess Olympiad 2018"]
[Site "Batumi"]
[Date "2018.09.28"]
[Round "5"]
[Board "4"]
[WhiteFideId "101710"]
[White "Rodi Luis Ernesto"]
[BlackFideId "6600581"]
[Black "Tapia Alexei"]
[Result "1-0"]
[LiveChessVersion "1.4.8"]
[BlackElo "2193"]
[WhiteElo "2308"]

1. e4 {[%clk 1:30:55]} c5 {[%clk 1:30:48]} 2. Nf3 {[%clk 1:31:18]} e6
{[%clk 1:31:10]} 3. d4 {[%clk 1:31:43]} cxd4 {[%clk 1:31:32]} 4. Nxd4
{[%clk 1:32:09]} Nc6 {[%clk 1:31:45]} 5. Nc3 {[%clk 1:32:33]} a6 {[%clk 1:32:06]}
6. Be3 {[%clk 1:32:56]} Nf6 {[%clk 1:32:01]} 7. Qf3 {[%clk 1:33:17]} Qc7
{[%clk 1:31:35]} 8. O-O-O {[%clk 1:33:31]} b5 {[%clk 1:30:27]} 9. Nxc6
{[%clk 1:32:18]} dxc6 {[%clk 1:30:25]} 10. Qg3 {[%clk 1:18:28]} Qxg3
{[%clk 1:23:41]} 11. hxg3 {[%clk 1:18:51]} e5 {[%clk 1:23:24]} 12. f3
{[%clk 1:19:02]} Be6 {[%clk 1:22:28]} 13. g4 {[%clk 1:14:31]} Bb4
{[%clk 1:14:13]} 14. a3 {[%clk 1:13:21]} Be7 {[%clk 1:14:20]} 15. g3
{[%clk 1:11:18]} Nd7 {[%clk 1:07:40]} 16. Rd2 {[%clk 1:03:51]} f6
{[%clk 1:04:22]} 17. Kb1 {[%clk 0:57:03]} Rb8 {[%clk 1:00:43]} 18. Rdh2
{[%clk 0:43:53]} h6 {[%clk 0:59:16]} 19. Be2 {[%clk 0:43:22]} a5 {[%clk 0:49:29]}
20. Nd1 {[%clk 0:38:58]} a4 {[%clk 0:47:31]} 21. Bc1 {[%clk 0:38:24]} b4
{[%clk 0:27:40]} 22. axb4 {[%clk 0:37:51]} Bxb4 {[%clk 0:27:12]} 23. Ne3
{[%clk 0:32:44]} Nc5 {[%clk 0:23:06]} 24. Bc4 {[%clk 0:28:32]} Kf7
{[%clk 0:18:55]} 25. Rd1 {[%clk 0:23:45]} Rhd8 {[%clk 0:14:45]} 26. Rhh1
{[%clk 0:23:38]} Rd4 {[%clk 0:13:50]} 27. Bxe6+ {[%clk 0:22:07]} Nxe6
{[%clk 0:13:41]} 28. Nf5 {[%clk 0:22:16]} Rdd8 {[%clk 0:13:18]} 29. Ka2
{[%clk 0:21:38]} Bc5 {[%clk 0:11:39]} 30. c3 {[%clk 0:16:03]} Ng5
{[%clk 0:09:53]} 31. Bxg5 {[%clk 0:15:40]} hxg5 {[%clk 0:10:11]} 32. Kb1
{[%clk 0:14:39]} a3 {[%clk 0:06:17]} 33. b4 {[%clk 0:14:39]} Bf8 {[%clk 0:06:30]}
34. Rxd8 {[%clk 0:10:50]} Rxd8 {[%clk 0:06:55]} 35. Kc2 {[%clk 0:11:13]} c5
{[%clk 0:05:13]} 36. b5 {[%clk 0:10:45]} c4 {[%clk 0:05:19]} 37. Ne3
{[%clk 0:11:03]} Rd3 {[%clk 0:04:11]} 38. Nxc4 {[%clk 0:11:23]} Rxf3
{[%clk 0:04:34]} 39. b6 {[%clk 0:11:31]} Bc5 {[%clk 0:04:27]} 40. b7
{[%clk 0:41:09]} Ba7 {[%clk 0:34:52]} 41. Nxa3 1-0

[Event "World Chess Olympiad 2018"]
[Site "Batumi"]
[Date "2018.09.28"]
[Round "5"]
[Board "1"]
[WhiteFideId "10800166"]
[White "Magana Ben"]
[BlackFideId "10500103"]
[Black "Pg Mohd Omar Ak Hira"]
[Result "1-0"]
[LiveChessVersion "1.4.8"]
[BlackElo "2175"]
[WhiteElo "2074"]

1. e4 {[%clk 1:30:24]} c5 {[%clk 1:30:10]} 2. c3 {[%clk 1:27:49]} Nf6
{[%clk 1:25:10]} 3. e5 {[%clk 1:26:45]} Nd5 {[%clk 1:25:25]} 4. d4
{[%clk 1:26:36]} e6 {[%clk 1:24:34]} 5. Nf3 {[%clk 1:25:51]} cxd4
{[%clk 1:16:54]} 6. cxd4 {[%clk 1:19:22]} Bb4+ {[%clk 1:16:29]} 7. Nbd2
{[%clk 1:18:48]} O-O {[%clk 1:13:13]} 8. a3 {[%clk 1:19:13]} Be7 {[%clk 1:11:16]}
9. Bc4 {[%clk 1:16:27]} d6 {[%clk 1:07:36]} 10. O-O {[%clk 1:16:13]} Nc6
{[%clk 1:02:03]} 11. Ne4 {[%clk 1:15:17]} dxe5 {[%clk 1:00:02]} 12. dxe5
{[%clk 1:15:06]} Nb6 {[%clk 0:55:55]} 13. Bd3 {[%clk 1:14:28]} Qd5
{[%clk 0:53:32]} 14. Nc3 {[%clk 1:07:19]} Qd8 {[%clk 0:48:17]} 15. Qc2
{[%clk 1:05:45]} h6 {[%clk 0:48:31]} 16. Rd1 {[%clk 1:05:12]} Bd7
{[%clk 0:48:08]} 17. Qe2 {[%clk 1:05:13]} f5 {[%clk 0:38:35]} 18. exf6
{[%clk 0:58:06]} Bxf6 {[%clk 0:38:44]} 19. Qe4 {[%clk 0:51:45]} Bxc3
{[%clk 0:25:23]} 20. Qh7+ {[%clk 0:47:47]} Kf7 {[%clk 0:25:39]} 21. Bxh6
{[%clk 0:39:10]} Qf6 {[%clk 0:14:27]} 22. Bg5 {[%clk 0:27:13]} Rh8
{[%clk 0:14:16]} 23. Bxf6 {[%clk 0:16:54]} Rxh7 {[%clk 0:14:44]} 24. Bxc3
{[%clk 0:17:23]} Rh5 {[%clk 0:13:13]} 25. g4 {[%clk 0:16:02]} Rhh8
{[%clk 0:11:45]} 26. Be4 {[%clk 0:09:53]} Ke7 {[%clk 0:08:14]} 27. Kg2
{[%clk 0:06:36]} Na4 {[%clk 0:07:20]} 28. Bd2 {[%clk 0:05:16]} Nc5
{[%clk 0:07:16]} 29. Bg5+ {[%clk 0:05:27]} Kf8 {[%clk 0:06:50]} 30. Bc2
{[%clk 0:04:52]} Be8 {[%clk 0:07:02]} 31. b4 {[%clk 0:04:09]} Nd7
{[%clk 0:07:14]} 32. Bb3 {[%clk 0:03:36]} Nde5 {[%clk 0:06:42]} 33. Bxe6
{[%clk 0:02:35]} Nxf3 {[%clk 0:05:59]} 34. Kxf3 {[%clk 0:03:04]} Rxh2
{[%clk 0:05:43]} 35. Kg3 {[%clk 0:03:19]} Rh7 {[%clk 0:04:08]} 36. Rh1
{[%clk 0:03:36]} Bg6 {[%clk 0:04:29]} 37. Rxh7 {[%clk 0:03:25]} Bxh7
{[%clk 0:04:57]} 38. Rh1 {[%clk 0:03:26]} Re8 {[%clk 0:04:44]} 39. Bd7
{[%clk 0:03:23]} Bg8 {[%clk 0:04:39]} 40. Bxe8 {[%clk 0:33:36]} Kxe8
{[%clk 0:35:08]} 41. Re1+ {[%clk 0:32:54]} Kf8 {[%clk 0:35:01]} 42. Be3
{[%clk 0:32:23]} Bc4 {[%clk 0:33:46]} 43. a4 {[%clk 0:31:52]} a6 {[%clk 0:33:27]}
44. f4 {[%clk 0:31:19]} Kf7 {[%clk 0:24:39]} 45. Bc5 {[%clk 0:31:26]} b6
{[%clk 0:24:50]} 46. Bxb6 {[%clk 0:30:19]} Nxb4 {[%clk 0:25:02]} 47. Re4
{[%clk 0:29:46]} Nd5 {[%clk 0:25:13]} 48. Rxc4 {[%clk 0:30:02]} Nxb6
{[%clk 0:25:40]} 49. Rc7+ {[%clk 0:30:22]} Kf8 {[%clk 0:25:49]} 50. a5
{[%clk 0:30:47]} Nd5 {[%clk 0:25:39]} 51. Rc6 {[%clk 0:30:50]} Nb4
{[%clk 0:25:50]} 52. Rb6 {[%clk 0:31:15]} 1-0

[Event "World Chess Olympiad 2018"]
[Site "Batumi"]
[Date "2018.09.28"]
[Round "5"]
[Board "2"]
[WhiteFideId "10500499"]
[White "Pg Md Omar Ak Hafizon"]
[BlackFideId "10802088"]
[Black "Ngani Victor"]
[Result "1/2-1/2"]
[LiveChessVersion "1.4.8"]
[BlackElo "2022"]
[WhiteElo "2125"]

1. e4 {[%clk 1:30:56]} c5 {[%clk 1:30:56]} 2. Nf3 {[%clk 1:31:22]} g6
{[%clk 1:31:22]} 3. d4 {[%clk 1:31:48]} cxd4 {[%clk 1:31:50]} 4. Qxd4
{[%clk 1:32:12]} Nf6 {[%clk 1:31:12]} 5. Nc3 {[%clk 1:32:34]} Nc6
{[%clk 1:30:44]} 6. Qa4 {[%clk 1:32:59]} d6 {[%clk 1:14:37]} 7. e5
{[%clk 1:33:13]} dxe5 {[%clk 1:14:59]} 8. Nxe5 {[%clk 1:33:41]} Qd4
{[%clk 1:15:02]} 9. Nxc6 {[%clk 1:33:21]} Qxa4 {[%clk 1:15:20]} 10. Nxa4
{[%clk 1:33:48]} bxc6 {[%clk 1:15:41]} 11. g3 {[%clk 1:30:11]} Be6
{[%clk 1:11:34]} 12. c4 {[%clk 1:29:32]} Nd7 {[%clk 1:09:13]} 13. b3
{[%clk 1:27:38]} Bg7 {[%clk 1:08:04]} 14. Bb2 {[%clk 1:28:01]} Bxb2
{[%clk 0:58:21]} 15. Nxb2 {[%clk 1:28:29]} Ne5 {[%clk 0:51:36]} 16. Bg2
{[%clk 1:28:24]} Bg4 {[%clk 0:51:28]} 17. f4 {[%clk 1:26:14]} Bf3
{[%clk 0:51:03]} 18. Bxf3 {[%clk 1:22:07]} Nxf3+ {[%clk 0:51:31]} 19. Kf2
{[%clk 1:22:19]} Nd4 {[%clk 0:48:33]} 20. Rad1 {[%clk 1:22:38]} O-O-O
{[%clk 0:46:04]} 21. Rd2 {[%clk 1:18:45]} Ne6 {[%clk 0:42:09]} 22. Rhd1
{[%clk 1:18:13]} Rxd2+ {[%clk 0:42:21]} 23. Rxd2 {[%clk 1:18:41]} Rd8
{[%clk 0:39:55]} 24. Rxd8+ {[%clk 1:17:51]} Kxd8 {[%clk 0:40:24]} 25. b4
{[%clk 1:15:16]} c5 {[%clk 0:25:11]} 26. a3 {[%clk 1:14:53]} Kc7 {[%clk 0:17:23]}
27. Ke3 {[%clk 1:13:35]} Nd4 {[%clk 0:13:55]} 28. Na4 {[%clk 1:07:37]} Nf5+
{[%clk 0:12:49]} 29. Ke4 {[%clk 1:07:10]} cxb4 {[%clk 0:13:14]} 30. axb4
{[%clk 1:07:25]} h5 {[%clk 0:13:41]} 31. Nc3 {[%clk 1:05:53]} Kd7
{[%clk 0:10:49]} 32. Nb5 {[%clk 0:55:46]} a6 {[%clk 0:11:01]} 33. Nd4
{[%clk 0:55:50]} Nd6+ {[%clk 0:08:26]} 34. Kd5 {[%clk 0:55:56]} e6+
{[%clk 0:08:20]} 35. Kc5 {[%clk 0:55:35]} Kc7 {[%clk 0:08:44]} 36. b5
{[%clk 0:54:09]} Nb7+ {[%clk 0:06:34]} 37. Kb4 {[%clk 0:54:35]} a5+
{[%clk 0:06:38]} 38. Ka4 {[%clk 0:54:44]} Kb6 {[%clk 0:06:39]} 39. Nb3
{[%clk 0:55:04]} f6 {[%clk 0:06:56]} 40. c5+ {[%clk 1:25:02]} Kc7
{[%clk 0:34:42]} 41. c6 {[%clk 1:24:26]} Nd8 {[%clk 0:34:48]} 42. Kxa5
{[%clk 1:24:14]} e5 {[%clk 0:33:23]} 43. fxe5 fxe5 {[%clk 0:33:41]} 44. Nc5
{[%clk 1:24:18]} Nxc6+ {[%clk 0:31:14]} 45. bxc6 {[%clk 1:24:45]} Kxc6
{[%clk 0:30:59]} 46. Kb4 {[%clk 1:23:01]} Kd5 {[%clk 0:31:21]} 47. Nd3
{[%clk 1:14:45]} Kd4 {[%clk 0:31:24]} 48. Ne1 {[%clk 1:14:32]} e4
{[%clk 0:27:19]} 49. Kb3 {[%clk 1:12:45]} Ke3 {[%clk 0:26:36]} 50. Kc2
{[%clk 1:12:32]} Ke2 {[%clk 0:26:55]} 51. Ng2 {[%clk 1:12:15]} g5
{[%clk 0:25:54]} 52. h4 {[%clk 1:10:23]} gxh4 {[%clk 0:25:14]} 53. gxh4
{[%clk 1:10:13]} Kf3 {[%clk 0:25:19]} 54. Kd2 {[%clk 1:10:03]} Kxg2
{[%clk 0:25:28]} 55. Ke3 {[%clk 1:10:29]} Kg3 {[%clk 0:25:50]} 56. Kxe4
{[%clk 1:10:53]} Kxh4 {[%clk 0:26:14]} 1/2-1/2